All Time Croatian National Team Players by Apperances - Statistics

General Stats
  • This quiz has been taken 81 times
    53 since last reset
  • The average score is 100 of 286
Answer Stats
Appearances Answer % Correct
197 Luka Modrić
97%
99 Marcelo Brozović
83%
89 Mario Mandžukić
83%
115 Andrej Kramarić
81%
69 Davor Šuker
81%
153 Ivan Perišić
81%
106 Ivan Rakitić
81%
134 Darijo Srna
78%
78 Dejan Lovren
78%
105 Domagoj Vida
78%
112 Mateo Kovačić
78%
114 Stipe Pletikosa
78%
74 Dominik Livaković
75%
64 Eduardo da Silva
75%
104 Ivica Olić
75%
84 Mario Pašalić
75%
103 Vedran Ćorluka
75%
47 Joško Gvardiol
72%
55 Milan Badelj
72%
83 Niko Kovač
72%
81 Niko Kranjčar
72%
81 Robert Jarni
72%
84 Robert Kovač
72%
49 Robert Prosinečki
72%
59 Dražen Ladić
69%
106 Josip Šimunić
69%
38 Lovro Majer
69%
28 Marko Pjaca
69%
62 Nikola Vlašić
69%
40 Alen Bokšić
67%
62 Aljoša Asanović
67%
42 Ante Rebić
67%
58 Danijel Pranjić
67%
44 Danijel Subašić
67%
100 Dario Šimić
67%
52 Goran Vlaović
67%
49 Ivan Strinić
67%
40 Josip Juranović
67%
30 Josip Stanišić
67%
12 Martin Erlić
67%
52 Šime Vrsaljko
67%
44 Slaven Bilić
67%
51 Zvonimir Boban
67%
37 Ante Budimir
64%
36 Nikica Jelavić
64%
61 Zvonimir Soldo
64%
42 Bruno Petković
61%
38 Duje Ćaleta Car
61%
53 Igor Štimac
61%
57 Jerko Leko
61%
20 Luka Sučić
61%
21 Marko Livaja
61%
21 Marko Rog
61%
28 Mislav Oršić
61%
42 Nikola Kalinić
61%
16 Petar Sučić
61%
26 Tin Jedvaj
61%
27 Borna Sosa
58%
32 Dado Pršo
58%
32 Josip Šutalo
58%
14 Marco Pašalić
58%
49 Mario Stanić
58%
18 Martin Baturina
58%
29 Gordon Schildenfeld
56%
8 Igor Matanović
56%
6 Ivica Ivušić
56%
26 Josip Pivarić
56%
19 Lovre Kalinić
56%
19 Marin Pongračić
56%
28 Tomislav Butina
56%
22 Vedran Runje
56%
35 Borna Barišić
53%
4 Dominik Kotarski
53%
41 Ivan Klasnić
53%
35 Josip Brekalo
53%
17 Kristijan Jakić
53%
21 Krunoslav Jurčić
53%
22 Luka Ivanušec
53%
5 Luka Vušković
53%
45 Mladen Petrić
53%
55 Ognjen Vukojević
53%
6 Filip Bradarić
50%
5 Hrvoje Vejić
50%
55 Igor Tudor
50%
28 Mario Tokić
50%
49 Marko Babić
50%
49 Milan Rapaić
50%
11 Petar Musa
50%
7 Sammir
50%
19 Tomislav Dujmović
50%
18 Đovani Roso
47%
26 Jurica Vranješ
47%
2 Nediljko Labrović
47%
39 Boris Živković
44%
5 Domagoj Bradarić
44%
9 Franjo Ivanović
44%
11 Ivica Križanac
44%
19 Mladen Mladenović
44%
31 Nikola Jerkan
44%
10 Nikola Moro
44%
19 Silvio Marić
44%
8 Tomo Šokota
44%
7 Toni Fruk
44%
10 Alen Halilović
42%
22 Dubravko Pavličić
42%
14 Duje Čop
42%
8 Elvis Brajković
42%
2 Goran Brajković
42%
2 Ivo Grbić
42%
8 Ivo Iličević
42%
14 Marijan Mrmić
42%
9 Nenad Bjelica
42%
3 Petar Krpan
42%
49 Stjepan Tomas
42%
9 Tomislav Marić
42%
9 Tonči Gabrić
42%
6 Zoran Mamić
42%
2 Dion Drena Beljo
39%
27 Igor Cvitanović
39%
14 Ivan Leko
39%
3 Ivan Vargić
39%
1 Joško Jeličić
39%
12 Matej Mitrović
39%
19 Nikola Jurčević
39%
15 Nikola Pokrivač
39%
16 Anthony Šerić
36%
35 Boško Balaban
36%
5 Drago Gabrić
36%
3 Fran Tudor
36%
1 Goran Milović
36%
3 Jakov Filipović
36%
13 Jasmin Agić
36%
5 Karlo Bartolec
36%
1 Marko Mlinarić
36%
2 Silvestar Sabolčki
36%
2 Vladimir Vasilj
36%
3 Arijan Ademi
33%
6 Dževad Turković
33%
3 Franko Andrijašević
33%
5 Hrvoje Čale
33%
15 Igor Bišćan
33%
22 Ivica Mornar
33%
5 Marin Leovac
33%
2 Mario Galinović
33%
1 Mario Maloča
33%
7 Mile Škorić
33%
2 Mirko Marić
33%
1 Miroslav Žitnjak
33%
1 Robert Rubčić
33%
8 Robert Špehar
33%
3 Saša Peršon
33%
1 Sejad Halilović
33%
5 Tomislav Rukavina
33%
1 Toni Datković
33%
1 Željko Župetić
33%
2 Zlatko Kranjčar
33%
1 Dino Drpić
31%
1 Gregor Židan
31%
6 Igor Budan
31%
14 Ivan Bošnjak
31%
2 Janko Janković
31%
7 Mate Bilić
31%
8 Miljenko Mumlek
31%
2 Stanko Bubalo
31%
3 Vlatko Đolonga
31%
3 Anas Sharbini
28%
30 Daniel Šarić
28%
1 Dario Krešić
28%
28 Davor Vugrinec
28%
2 Dean Računica
28%
16 Goran Jurić
28%
3 Ivan Cvjetković
28%
5 Ivan Jurić
28%
1 Kujtim Shala
28%
10 Mario Cvitanović
28%
1 Mate Baturina
28%
1 Saša Bjelanović
28%
3 Veldin Karić
28%
2 Alen Peternac
25%
1 Denis Kolinger
25%
6 Josip Šimić
25%
10 Mato Neretljak
25%
2 Niko Čeko
25%
3 Nikola Šafarić
25%
2 Zoran Nižić
25%
3 Nino Bule
22%
5 Stjepan Andrijašević
22%
3 Zoran Vulić
22%
3 Andrija Balajić
19%
13 Dario Knežević
19%
3 Darko Butorović
19%
3 Filip Tapalović
19%
1 Ivan Močinić
19%
2 Josip Mišić
19%
2 Jurica Buljat
19%
2 Marijan Buljat
19%
8 Marijo Marić
19%
3 Simon Sluga
19%
4 Danijel Hrman
17%
2 Dino Perić
17%
1 Ivan Turina
17%
1 Mate Maleš
17%
2 Mladen Bartulović
17%
11 Nenad Pralija
17%
2 Toma Bašić
17%
4 Ante Ćorić
14%
7 Ante Miše
14%
3 Antonio Milić
14%
7 Ardian Kozniku
14%
8 Dario Melnjak
14%
1 Darko Miladin
14%
3 Dragutin Čelić
14%
1 Ivo Ergović
14%
1 Ivo Šeparović
14%
4 Joey Didulica
14%
1 Josip Radošević
14%
4 Jurica Vučko
14%
1 Marin Tomasov
14%
1 Renato Pilipović
14%
3 Goran Vučević
11%
6 Hrvoje Milić
11%
2 Ivan Smolčić
11%
1 Kristijan Lovrić
11%
4 Leon Benko
11%
1 Mijo Caktaš
11%
1 Andrej Prskalo
8%
1 Ante Vukušić
8%
1 Dario Smoje
8%
5 Ivan Santini
8%
1 Mario Carević
8%
1 Nikola Pavličević
8%
2 Samir Toplak
8%
4 Tomislav Erceg
8%
2 Vedran Ješe
8%
1 Zoran Živković
8%
1 Damir Krznar
6%
1 | 2 Darko Dražić
6%
6 Domagoj Antolić
6%
2 Filip Ozobić
6%
6 Filip Uremović
6%
2 Ivica Banović
6%
3 Josip Weber
6%
1 Mato Miloš
6%
3 Antonio Čolak
3%
1 Antonio Ježina
3%
2 Antonio Perošević
3%
4 Damir Milinović
3%
5 Dražen Biškup
3%
1 Filip Benković
3%
5 Goran Sablić
3%
1 Igor Bubnjić
3%
5 Igor Pamić
3%
1 Ivan Režić
3%
1 Ivan Šunjić
3%
1 Ivan Tomečak
3%
1 Josip Bulat
3%
1 Luka Vučko
3%
4 Marko Lešković
3%
2 Nikola Matas
3%
2 Srđan Andrić
3%
1 Srebrenko Posavec
3%
2 Vladimir Kasalo
3%
1 Damir Kalapac
0%
2 Danijel Štefulj
0%
1 Darko Vukić
0%
1 Fabijan Komljenović
0%
1 Josip Balatinac
0%
2 Josip Gašpar
0%
1 Joško Popović
0%
2 Kazimir Vulić
0%
1 Mario Bazina
0%
2 Mario Šitum
0%
1 Mateo Barać
0%
2 Mato Jajalo
0%
2 Miroslav Bičanić
0%
3 Mladen Romić
0%
2 Neven Vukman
0%
1 Nikola Katić
0%
1 Siniša Linić
0%
3 Slavko Ištvanić
0%
2 Srećko Bogdan
0%
1 Željko Adžić
0%
7 Željko Pavlović
0%
1 Željko Vuković
0%
1 Zoran Slavica
0%
No matching quizzes found
Score Distribution
Percent of People with Each Score
Percentile by Number Answered
Your Score History
You have not taken this quiz since the last reset